Flotante /
Guardado en:
| Autor Principal: | |
|---|---|
| Formato: | Libro |
| Publicado: |
Buenos Aires :
Océano,
2007
|
| Series: | Travesía
|
| Materias: | |
| Etiquetas: |
Agregar Etiqueta
Sin Etiquetas, Sea el primero en etiquetar este registro!
|
| LEADER | 00898nam a22002775a 4500 | ||
|---|---|---|---|
| 001 | CEM.cems015110 | ||
| 008 | 130507s2007##################000#0#####d | ||
| 005 | 20250408141423.0 | ||
| 245 | 1 | 0 | |a Flotante / |c David Weisner |
| 260 | |a Buenos Aires : |b Océano, |c 2007 | ||
| 300 | |a 38 p. | ||
| 490 | 0 | |a Travesía | |
| 500 | |a Título original: Flotsan | ||
| 020 | |a 9789879361580 | ||
| 100 | 1 | |a Wiesner, David | |
| 082 | 0 | 4 | |a 818.3 |
| 653 | |a Literatura | ||
| 653 | |a Literatura estadounidense | ||
| 653 | |a Literatura infantil | ||
| 653 | |a Cuentos infantiles | ||
| 653 | |a Libro albúm | ||
| 653 | |a Colección ciencias de la educación | ||
| 653 | |a Libro Álbum | ||
| 859 | |a CEMS |b BIB. CEMS - Inicial y Primaria |h 818.3 |i W637 |k IP |p 3950 |t Ej.1 | ||
| 859 | |a CEMS |b BIB. CEMS - Ccias. Educacion |h 818.3 |i W637 |k CE |p 27959.19 |t Ej.1 | ||
| 859 | |a CEMS |b BIB. CEMS - Ccias. Educacion |h 818.3 |i W637 |k CE |p 28787.19 |t Ej.2 | ||
